| 000 | 00939nam a2200289 a 4500 | ||
|---|---|---|---|
| 001 | 36623 | ||
| 003 | BD-RjUL | ||
| 005 | 20211209052518.0 | ||
| 008 | 140804r20111997ii a b 001 0 eng c | ||
| 020 | _a0895733250 (acidfree paper) | ||
| 035 | _a(BD-RjUL)36724 | ||
| 040 |
_aDNLM/DLC _cDLC _dDLC _dBD-RjUL _beng |
||
| 041 | _aeng | ||
| 060 | 1 | 0 | _aQV 744 G867i 1996 |
| 082 | 0 | 0 |
_a615.7 _220 _bGRI 2011 |
| 100 | 1 |
_aGringauz, Alex. _d1934- _9111645 |
|
| 245 | 1 | 0 |
_aIntroduction to medicinal chemistry : _bhow drugs act and why / _cAlex Gringauz |
| 260 |
_aNew Delhi : _bWiley India Pvt. Ltd.; _cc1997 [Reprint 2011] |
||
| 300 |
_axiii, 721 p. : _bill. ; _c26 cm. |
||
| 504 | _aIncludes bibliographical references and index. | ||
| 650 | 0 |
_aPharmaceutical chemistry. _9111646 |
|
| 650 | 1 | 2 |
_aChemistry, Pharmaceutical. _9111647 |
| 650 | 2 | 2 |
_aPharmacology. _9111648 |
| 942 |
_2ddc _cBK |
||
| 999 |
_c36623 _d36623 |
||